000 00820nam a2200253 4500
003 OSt
005 20231121133501.0
008 231116s2016 it ad||f |||| 001 0 eng d
020 _a9789251092088
040 _erda
_cCHAP
082 0 0 _222
_a333.7614
_bF21y 2016
245 0 0 _aState of the world´s forests 2016 :
_bForest and agriculture land-use challenges and opportinuties /
_cpor FAO
264 1 _aRoma :
_bFAO,
_c2016
300 _a107 páginas:
_bIlustraciones. cuadros. gráficas
336 _2rdacontent
_atexto
_btxt
337 _2rdamedia
_asin medio
_bn
338 _2rdacarrier
_avolumen
_bnc
504 _aIncluye índice y bibliografía
650 4 _9144702
_aBosques
_x Preservación
650 4 _914369
_aBosques
_xProtección
650 4 _990563
_aPolítica forestal
942 _2ddc
942 _cLIBRO
999 _c219414
_d219414